El Pensamiento de Francisco de Vitoria (Record no. 9053)

MARC details
000 -LEADER
campo de control de longitud fija 01135nam a2200289 i 4500
001 - NÚMERO DE CONTROL
campo de control 9053
003 - IDENTIFICADOR DE NÚMERO DE CONTROL
campo de control ES-MaACL
005 - FECHA Y HORA DE LA ÚLTIMA TRANSACCIÓN
campo de control 20230906145607.0
007 - CAMPO FIJO DE DESCRIPCIÓN FÍSICA--INFORMACIÓN GENERAL
campo de control de longitud fija t|
008 - DATOS DE LONGITUD FIJA--INFORMACIÓN GENERAL
campo de control de longitud fija 930202s1992 sp ||||1| spa d
020 ## - NÚMERO INTERNACIONAL ESTÁNDAR DEL LIBRO
Número Internacional Estándar del Libro 84-7658-357-5
080 ## - NÚMERO DE LA CLASIFICACIÓN DECIMAL UNIVERSAL
Número de la Clasificación Decimal Universal 341.09 Vitoria, Francisco de
100 1# - ENTRADA PRINCIPAL--NOMBRE DE PERSONA
Nombre de persona Castilla Urbano, Francisco.
9 (RLIN) 36655
245 13 - MENCIÓN DEL TÍTULO
Título El Pensamiento de Francisco de Vitoria
Resto del título : filosofía política e indio americano /
Mención de responsabilidad, etc. Francisco Castilla Urbano.
250 ## - MENCION DE EDICION
Mención de edición [1ª ed.].
260 ## - PUBLICACIÓN, DISTRIBUCIÓN, ETC.
Lugar de publicación, distribución, etc. Barcelona :
Nombre del editor, distribuidor, etc. Anthropos ;
Lugar de publicación, distribución, etc. México :
Nombre del editor, distribuidor, etc. Universidad Autónoma Metropolitana-Iztapalapa,
Fecha de publicación, distribución, etc. 1992.
300 ## - DESCRIPCIÓN FÍSICA
Extensión 378 p. ;
Dimensiones 20 cm.
490 1# - MENCIÓN DE SERIE
Mención de serie Pensamiento crítico/pensamiento utópico. Filosofía política ;
Designación de volumen o secuencia 29
500 ## - NOTA GENERAL
Nota general Bibliogr.: p. 343-362.
500 ## - NOTA GENERAL
Nota general Indices.
600 14 - PUNTO DE ACCESO ADICIONAL DE MATERIA--NOMBRE DE PERSONA
Nombre de persona Vitoria, Francisco de-
Subdivisión general Crítica e interpretación.
9 (RLIN) 115518
650 14 - PUNTO DE ACCESO ADICIONAL DE MATERIA--TÉRMINO DE MATERIA
Término de materia o nombre geográfico como elemento de entrada Derecho internacional público-
Subdivisión cronológica S.XVI.
9 (RLIN) 11725
710 2# - ENTRADA AGREGADA--NOMBRE DE ENTIDAD CORPORATIVA
Nombre de entidad corporativa o nombre de jurisdicción como elemento de entrada Universidad Autónoma Metropolitana.
9 (RLIN) 169907
830 0# - PUNTO DE ACCESO ADICIONAL DE SERIE-TÍTULO UNIFORME
Título uniforme Pensamiento crítico/pensamiento utópico. Filosofía política ;
Designación de volumen o secuencia 29
9 (RLIN) 178376
852 ## - LOCALIZACIÓN
Ubicación ES-MaACL
Número de control de estantería L-16542
Sublocalización o colección R.120893
Holdings
Estatus retirado Estado de pérdida Estado de daño No para préstamo Biblioteca de origen Biblioteca actual Ubicación en estantería Fecha de adquisición Fuente de adquisición Total de préstamos Signatura topográfica completa Código de barras Visto por última vez Precio de reemplazo Tipo de ítem Koha
        Biblioteca del Ateneo de Madrid Biblioteca del Ateneo de Madrid Depósito 2 17/01/2008     L-16542 1009241 23/02/2023 23/02/2023 Libro impreso